000 02226cam a22005414i 4500
003 PE-LiUPU
005 20250731165509.0
008 180119s2016 ck b ra 000 0 spa d
020 _a8782787625127
035 _a(Sirsi) a241069
040 _aPE-LiUPU
_bspa
_cPE-LiUPU
_erda
049 _aPRUA
082 0 4 _a005.8
_bM55
_220
100 1 _aMiguel Pérez, Julio César,
_eautor.
245 1 0 _aProtección de datos y seguridad de la información :
_bGuía práctica para ciudadanos y empresas /
_cJulio César, Miguel Pérez.
250 _aPrimera edición.
264 _aColombia :
_bEdiciones de la u,
_c2016.
300 _a275 páginas :
_bilustraciones ;
_c24 centímetros
336 _atext
_2rdacontent
337 _aunmediated
_2rdamedia
338 _avolume
_2rdacarrier
504 _aÍndice : páginas 272-275.
505 0 _aLos derechos de los ciudadanos -- Usuarios, internet y protección de datos -- El derecho al olvido -- La lopd y los responsables -- El tratamiento de los datos personales -- La inscripción de los ficheros -- Principios de la protección de datos -- El encaragado del tratamiento -- Los derechos de los afectados -- Las medidas de seguridad -- La agencia española de protección de datos -- Miscelánea -- Seguridad de la información -- Implantación de la Lopd -- Conclusiones -- Índice alfabético.
526 _aSEG44
526 _aSEG26
526 _aP151
526 _aP150
526 _aP149
526 _aP146
526 _aP145
526 _aP126
526 _aP125
526 _aP92
526 _aP75
526 _aP74
526 _aP27
526 _aP15
541 _g0001-0042355;
650 _aProtección de datos.
650 0 4 _aSeguridad de información.
650 0 4 _aData Protection.
650 0 4 _aInformation security.
910 _adbm
_bmarg
_cmarg
_d20180119
942 _2ddc
_cBOOK
994 _aC0
_bPEPRU
596 _a1
999 _a005.8 M55
_wDEWEY
_c26711
_i78182
_d26711
_e2018-4-6
_f2021-11-9
_g5
_lCCODEBUL1
_mBUL
_n1
_p19.27
_r0
_sY
_tBOOK
_u2018-1-19
_xINGENIERIA
_PP27
_0COMPRA
_o.STAFF. Colección Ingeniería y Arquitectura
980 _81
_gALBERTO SANCHEZ Responsable de Automatización